000 00677nam a2200229 a 4500
005 20191224041555.0
008 140226b1994 nyu||||| |||| 00| 0 eng d
040 _aCO-BoIAVH
_cCO-BoIAVH
041 _aeng
082 0 4 _a372.357
_bW89l
100 1 _aWoodman, Neal
_911118
245 1 _aLatin America research libraries in natural history a survey
250 _a2 ed.
260 _aChicago
_bCouncil of Biology Editors
_c1994
300 _a261 paginas.:
_c28 x23 cm
650 4 _aHistoria natural
_956691
650 4 _aBibliotecas
_911119
662 _cAmérica Latina
700 1 _aFoster, Mercedes S.
_97252
700 1 _aJenkinson, Marion A.
_911120
942 _cLIBRO
_2ddc
999 _c1164
_d1164